000 00276nam a2200145Ia 4500
100 _aGoswami/Amit
942 _cBK
366 _f25
245 _aThe everything answer book
260 _bJaico
_c2017
082 _bGOS
300 _a238
546 _aENGLISH
999 _c24884
_d24884